| 000 -LEADER | |
|---|---|
| fixed length control field | 00485nam a22001817a 4500 |
| 005 - DATE AND TIME OF LATEST TRANSACTION | |
| control field | 20230110133033.0 |
| 008 - FIXED-LENGTH DATA ELEMENTS--GENERAL INFORMATION | |
| fixed length control field | 221220b |||||||| |||| 00| 0 eng d |
| 020 ## - INTERNATIONAL STANDARD BOOK NUMBER | |
| ISBN | 978-93-87085-97-8 |
| 041 ## - LANGUAGE CODE | |
| Language code of text/sound track or separate title | eng |
| 082 ## - DEWEY DECIMAL CLASSIFICATION NUMBER | |
| Classification number | 61531 MOH-T |
| 100 ## - MAIN ENTRY--AUTHOR NAME | |
| Personal name | MOHANTA , GURU PRASAD |
| 245 ## - TITLE STATEMENT | |
| Title | TEXTBOOK OF FORENSIC PHARMACY |
| 250 ## - EDITION STATEMENT | |
| Edition statement | 2nd ed. |
| 260 ## - PUBLICATION, DISTRIBUTION, ETC. (IMPRINT) | |
| Place of publication | NEW DELHI |
| Name of publisher | CBS PUBLISHERS & DISTRIBUTORS |
| Year of publication | 2023 |
| 300 ## - PHYSICAL DESCRIPTION | |
| Number of Pages | 267;P. |
| 650 ## - SUBJECT ADDED ENTRY--TOPICAL TERM | |
| Topical Term | PHARMACY |
| General subdivision | D.PHARMA |
| 942 ## - ADDED ENTRY ELEMENTS (KOHA) | |
| Koha item type | Books |
| Lost status | Damaged status | Collection code | Home library | Current library | Shelving location | Date acquired | Source of acquisition | Cost, normal purchase price | Full call number | Accession Number | Koha item type |
|---|---|---|---|---|---|---|---|---|---|---|---|
| PHARMACY | JRU Library | JRU Library | SHELF-19-E | 09/11/2022 | LOHIA BOOK INTERNATIONAL | 425.00 | 61531-MOH-T | 27206 | Books | ||
| PHARMACY | JRU Library | JRU Library | SHELF-17-E | 09/11/2022 | LOHIA BOOK INTERNATIONAL | 425.00 | 61531-MOH-T | 27207 | Books | ||
| PHARMACY | JRU Library | JRU Library | SHELF-19-E | 09/11/2022 | LOHIA BOOK INTERNATIONAL | 425.00 | 61531-MOH-T | 27208 | Books | ||
| PHARMACY | JRU Library | JRU Library | SHELF-19-E | 09/11/2022 | LOHIA BOOK INTERNATIONAL | 425.00 | 61531-MOH-T | 27209 | Books | ||
| PHARMACY | JRU Library | JRU Library | SHELF-19-E | 09/11/2022 | LOHIA BOOK INTERNATIONAL | 425.00 | 61531-MOH-T | 27210 | Books | ||
| PHARMACY | JRU Library | JRU Library | SHELF-19-E | 09/11/2022 | LOHIA BOOK INTERNATIONAL | 425.00 | 61531-MOH-T | 27211 | Books | ||
| PHARMACY | JRU Library | JRU Library | SHELF-19-E | 09/11/2022 | LOHIA BOOK INTERNATIONAL | 425.00 | 61531-MOH-T | 27212 | Books |